[Event "SVK-chT4 A21 1920"]
[Site "Slovakia"]
[Date "2020.02.23"]
[Round "9.4"]
[White "Valent, Tomas"]
[Black "Sefcik, Oliver"]
[Result "1/2-1/2"]
[WhiteElo "1358"]
[BlackElo "1238"]
[PlyCount "64"]
[EventDate "2019.10.13"]
[EventType "team-tourn"]
[EventRounds "11"]
[EventCountry "SVK"]
[SourceTitle "CBM 195 Extra"]
[Source "ChessBase"]
[SourceDate "2020.05.31"]
[SourceVersion "1"]
[SourceVersionDate "2020.05.31"]
[SourceQuality "1"]
[WhiteTeam "Senica CVC II"]
[BlackTeam "Holic II"]
[WhiteTeamCountry "SVK"]
[BlackTeamCountry "SVK"]

1. c4 c5 2. Nc3 Nc6 3. Nf3 Nf6 4. e3 e5 5. d4 exd4 6. exd4 cxd4 7. Nxd4 Be7 8. Be2 0-0 9. 0-0 d5 10. cxd5 Nxd5 11. Bf3 Nxc3 12. bxc3 Nxd4 13. cxd4 Bf6 14. Be3 a5 15. Qa4 Bd7 16. Qc4 Rc8 17. Qd3 Bc6 18. Bxc6 Rxc6 19. Rab1 Qc8 20. d5 Rd8 21. Qe4 Rc4 22. Qd3 Rc7 23. Rfc1 Rxc1+ 24. Rxc1 Qd7 25. Rd1 Qa4 26. Bb6 Re8 27. d6 Qd7 28. Bxa5 Ra8 29. Qd2 Ra6 30. Bc7 h6 31. Qd5 Rc6 32. g3 Bd8 1/2-1/2

[Event "SVK-chT4 A21 1920"]
[Site "Slovakia"]
[Date "2019.12.01"]
[Round "4.4"]
[White "Stolar, Michal"]
[Black "Valent, Tomas"]
[Result "1/2-1/2"]
[WhiteElo "1548"]
[BlackElo "1336"]
[PlyCount "100"]
[EventDate "2019.10.13"]
[EventType "team-tourn"]
[EventRounds "11"]
[EventCountry "SVK"]
[SourceTitle "CBM 193 Extra"]
[Source "ChessBase"]
[SourceDate "2020.01.31"]
[SourceVersion "1"]
[SourceVersionDate "2020.01.31"]
[SourceQuality "1"]
[WhiteTeam "Piestany Kupele III"]
[BlackTeam "Senica CVC II"]
[WhiteTeamCountry "SVK"]
[BlackTeamCountry "SVK"]

1. c4 Nf6 2. Nc3 e6 3. Nf3 Nc6 4. g3 Bc5 5. Bg2 0-0 6. 0-0 d5 7. cxd5 exd5 8. d4 Be7 9. a3 Be6 10. b4 Qd7 11. Ng5 h6 12. Nxe6 fxe6 13. e3 a6 14. Qd3 Rad8 15. Bh3 Qd6 16. f4 Ra8 17. Bb2 Nd8 18. Rac1 b6 19. Bg2 Nb7 20. Rc2 c5 21. bxc5 bxc5 22. Qe2 cxd4 23. exd4 Bd8 24. Na4 Bb6 25. Nxb6 Qxb6 26. Rfc1 Na5 27. Kh1 Rab8 28. Re1 Rfe8 29. Qd3 Nc4 30. Bc1 Qb3 31. Rd1 Qxd3 32. Rxd3 Rb1 33. h3 Reb8 34. Kh2 R8b3 35. Rdc3 Ne8 36. f5 Kf7 37. fxe6+ Kxe6 38. Rxb3 Rxb3 39. Re2+ Kd7 40. Bxd5 Rc3 41. Be6+ Kd8 42. Bxc4 Rxc4 43. Bb2 Kd7 44. g4 Kd6 45. Kg3 Nf6 46. h4 g6 47. g5 hxg5 48. hxg5 Nh5+ 49. Kg4 Ng7 50. Re3 Ne6 1/2-1/2

[Event "SVK-chT5 SE-SI 1920"]
[Site "Slovakia"]
[Date "2019.11.02"]
[Round "2.2"]
[White "Svrcek, Daniel"]
[Black "Valent, Tomas"]
[Result "1-0"]
[WhiteElo "1442"]
[BlackElo "1336"]
[PlyCount "49"]
[EventDate "2019.10.19"]
[EventType "team-tourn"]
[EventRounds "14"]
[EventCountry "SVK"]
[SourceTitle "CBM 193 Extra"]
[Source "ChessBase"]
[SourceDate "2020.01.31"]
[SourceVersion "1"]
[SourceVersionDate "2020.01.31"]
[SourceQuality "1"]
[WhiteTeam "Holic III"]
[BlackTeam "Senica CVC III"]
[WhiteTeamCountry "SVK"]
[BlackTeamCountry "SVK"]

1. e4 c5 2. Nf3 Nc6 3. d4 e6 4. Bb5 Qa5+ 5. Nc3 cxd4 6. Nxd4 Bb4 7. Nxc6 bxc6 8. Bd3 Bxc3+ 9. bxc3 Qxc3+ 10. Bd2 Qc5 11. Qg4 Qe5 12. 0-0 Ne7 13. Bf4 Qd4 14. Be3 Qc3 15. f4 Ba6 16. Rad1 Ng6 17. Bd2 Qd4+ 18. Kh1 Bxd3 19. cxd3 Qxd3 20. f5 Ne7 21. fxe6 fxe6 22. Qxg7 Rg8 23. Qf7+ Kd8 24. Ba5+ Kc8 25. Rxd3 1-0

[Event "SVK-chT5 SE-SI 1819"]
[Site "Slovakia"]
[Date "2019.03.09"]
[Round "9.3"]
[White "Visvader, Rudolf"]
[Black "Valent, Tomas"]
[Result "1-0"]
[WhiteElo "1290"]
[BlackElo "1397"]
[PlyCount "63"]
[EventDate "2018.10.20"]
[EventType "team-tourn"]
[EventRounds "10"]
[EventCountry "SVK"]
[SourceTitle "EXT 2020"]
[Source "ChessBase"]
[SourceDate "2019.10.17"]
[SourceVersion "1"]
[SourceVersionDate "2019.10.17"]
[SourceQuality "1"]
[WhiteTeam "Borsky Mikulas"]
[BlackTeam "Senica CVC III"]
[WhiteTeamCountry "SVK"]
[BlackTeamCountry "SVK"]

1. d4 d5 2. Nf3 Nc6 3. e3 Nf6 4. Bd3 Bg4 5. Nbd2 e6 6. c3 Bd6 7. e4 Bxf3 8. Qxf3 dxe4 9. Nxe4 Be7 10. 0-0 Qd7 11. b4 a6 12. Re1 Nd5 13. Bb2 0-0 14. a3 b5 15. Rad1 Na7 16. Bc2 Nc8 17. Nc5 Bxc5 18. dxc5 Nce7 19. Qh3 Nf5 20. g4 Nh6 21. Bc1 f6 22. Bxh6 gxh6 23. Qxh6 Qf7 24. Rxe6 Nxc3 25. Rde1 Nd5 26. Bb3 Rad8 27. Bxd5 Rxd5 28. Re7 Qg6 29. Qxg6+ hxg6 30. Rxc7 Rd3 31. Re3 Rd4 32. h3 1-0

[Event "SVK-chT5 SE-SI 1819"]
[Site "Slovakia"]
[Date "2019.01.12"]
[Round "5.3"]
[White "Svrcek, Daniel"]
[Black "Valent, Tomas"]
[Result "1/2-1/2"]
[WhiteElo "1321"]
[BlackElo "1226"]
[PlyCount "86"]
[EventDate "2018.10.20"]
[EventType "team-tourn"]
[EventRounds "10"]
[EventCountry "SVK"]
[SourceTitle "CBM 189 Extra"]
[Source "ChessBase"]
[SourceDate "2019.05.31"]
[SourceVersion "1"]
[SourceVersionDate "2019.05.31"]
[SourceQuality "1"]
[WhiteTeam "Holic III"]
[BlackTeam "Senica CVC III"]
[WhiteTeamCountry "SVK"]
[BlackTeamCountry "SVK"]

1. e4 e5 2. Nf3 Nc6 3. Bb5 Nd4 4. Nxd4 exd4 5. d3 c6 6. Bc4 d5 7. exd5 cxd5 8. Bb5+ Bd7 9. Bxd7+ Qxd7 10. 0-0 Be7 11. Re1 Nf6 12. Nd2 0-0 13. Nf3 Rac8 14. Bf4 Rfe8 15. Rc1 Bc5 16. Rxe8+ Rxe8 17. Qd2 Qb5 18. c4 dxc3 19. Qxc3 Bb4 20. Qb3 Qb6 21. h3 h6 22. a3 Re2 23. Rf1 Bc5 24. Qxb6 Bxb6 25. Be5 Nd7 26. Bc3 Nc5 27. Nd4 Re8 28. Rd1 Ne6 29. Nxe6 Rxe6 30. d4 Kh7 31. Kf1 g5 32. Rd3 Kg6 33. Re3 h5 34. g3 Bc7 35. Kg2 Rxe3 36. fxe3 f5 37. Bd2 h4 38. Be1 hxg3 39. Bxg3 f4 40. Bf2 Kf5 41. Kf3 Ba5 42. b4 Bc7 43. Bg1 b5 1/2-1/2

[Event "SVK-chT5 SE-SI 1819"]
[Site "Slovakia"]
[Date "2018.11.03"]
[Round "2.3"]
[White "Valent, Tomas"]
[Black "Knapek, Adrian"]
[Result "0-1"]
[WhiteElo "1226"]
[BlackElo "1437"]
[PlyCount "68"]
[EventDate "2018.10.20"]
[EventType "team-tourn"]
[EventRounds "10"]
[EventCountry "SVK"]
[SourceTitle "CBM 189 Extra"]
[Source "ChessBase"]
[SourceDate "2019.05.31"]
[SourceVersion "1"]
[SourceVersionDate "2019.05.31"]
[SourceQuality "1"]
[WhiteTeam "Senica CVC III"]
[BlackTeam "Myjava Spartak"]
[WhiteTeamCountry "SVK"]
[BlackTeamCountry "SVK"]

1. e4 e5 2. Nf3 Nc6 3. Bb5 d6 4. c3 h6 5. d4 Bd7 6. 0-0 a6 7. Ba4 b5 8. Bb3 Bg4 9. Bd5 Qd7 10. dxe5 dxe5 11. c4 Nf6 12. cxb5 Bxf3 13. Bxc6 Bxd1 14. Bxd7+ Nxd7 15. Rxd1 axb5 16. Nc3 b4 17. Nd5 Bd6 18. Bd2 Rb8 19. Rdc1 Rb7 20. a4 bxa3 21. bxa3 Nc5 22. Rcb1 Rxb1+ 23. Rxb1 0-0 24. Nc3 Ra8 25. Bc1 Nd3 26. Nb5 Rb8 27. a4 c6 28. Nc3 Rxb1 29. Nxb1 Nxc1 30. a5 Ne2+ 31. Kf1 Nd4 32. a6 Nb5 33. Nc3 Bc5 34. Na4 Bd4 0-1

[Event "SVK-chT5 SE-SI 1617"]
[Site "Slovakia"]
[Date "2016.11.26"]
[Round "3.4"]
[White "Visvader, Rudolf"]
[Black "Valent, Tomas"]
[Result "0-1"]
[WhiteElo "1000"]
[BlackElo "1000"]
[PlyCount "78"]
[EventDate "2016.10.15"]
[EventType "team-tourn"]
[EventRounds "9"]
[EventCountry "SVK"]
[SourceTitle "EXT 2018"]
[Source "ChessBase"]
[SourceDate "2017.10.13"]
[SourceVersion "1"]
[SourceVersionDate "2017.10.13"]
[SourceQuality "1"]
[WhiteTeam "Borsky Mikulas"]
[BlackTeam "Senica III"]
[WhiteTeamCountry "SVK"]
[BlackTeamCountry "SVK"]

1. d4 d5 2. Bf4 e6 3. e3 Nf6 4. b3 Nc6 5. Bb5 Bd7 6. Nf3 Ne4 7. 0-0 Bd6 8. Bd3 0-0 9. c4 Nb4 10. Bxd6 Nxd6 11. a3 Nxd3 12. Qxd3 b6 13. c5 bxc5 14. Nc3 c4 15. bxc4 dxc4 16. Qe2 Qf6 17. Ne5 Rfd8 18. Nxc4 Bc6 19. f3 Rab8 20. a4 Bd5 21. Nxd5 exd5 22. Ne5 Nf5 23. Rfc1 Rd6 24. Rxc7 a6 25. Nd7 Qe7 26. Rac1 Rxd7 27. Rxd7 Qxd7 28. Qxa6 h6 29. Qa5 Rb2 30. e4 dxe4 31. Qa8+ Kh7 32. Qxe4 g6 33. Rc4 Nd6 34. Qd3 Nxc4 35. Qxc4 Qe7 36. h3 Qe3+ 37. Kh2 Qf4+ 38. Kh1 Rb1+ 39. Qf1 Rxf1# 0-1